Disney - Charakter mit "K" - Statistiken

Allgemein
  • Dieses Quiz wurde 59 mal gespielt
    57 seit der letzten Aktualisierung
  • Das Durchschnittsergebnis liegt bei 6 aus 32
Antwortstatistiken
Film /Serie Name % Korrekt
Das Dschungelbuch Kaa
83%
Bambi Klopfer
83%
Ein Königreich für ein Lama Kuzco
52%
Tarzan - Serie Königin La
46%
Alles steht Kopf Kummer
41%
Die Eiskönigin Kristoff Bjorgman
39%
Winnie Puhh Känga
35%
Entenhausen Kater Karlo
28%
Peter Pan Käpt’n Hook
26%
Ein Königreich für ein Lama Kronk
26%
Cinderella Karli
22%
Entenhausen Kat Nipp
22%
Tarzan Kala
20%
Das Dschungelbuch King Louie
20%
Die Eiskönigin Kai
13%
Entenhausen Klaas Klever
11%
Star Wars Kylo Ren
11%
Entenhausen Klarabella Kuh
9%
Darkwing Duck Kiki Erpel
7%
Die Eiskönigin König Agnarr
4%
Maleficent König Henry
4%
Die Eiskönigin Königin Iduna
4%
A Toy Story -Alles hört auf kein Kommando Karen Beverly
2%
Ralph reicht's King Candy
2%
Entenhausen Kommissar Hunter
2%
Merida König Fergus
2%
Dornröschen Königin Leah
2%
Maleficent Königin Leila
2%
Die Eiskönigin 2 König Runeard
2%
Maleficent König Stefan
2%
Merida Königin Elinor
0%
Liv & Maddie Kylie Kramer
0%
Keine übereinstimmenden Quizze gefunden
Verteilung der Resultate
Anzahl Personen mit jedem Resultat
Perzentil nach korrekt beantworteten Fragen
Ihre Resultats-Entwicklung
Sie haben dieses Quiz seit der letzten Aktualisierung nicht gespielt